| 000 | 00601cam a2200205 a 4500 | ||
|---|---|---|---|
| 001 | 000013005 | ||
| 005 | 20200929163124.0 | ||
| 008 | 910109s1947 ag b 001 0 spa | ||
| 040 |
_aDO-SdBNP _bspa _cLC _dBNPHU |
||
| 082 |
_a364.019 _bJ61p, 1947 |
||
| 100 | 1 |
_aJiménez de Asúa, Luis, _d1889-1970. _929910 |
|
| 245 | 1 | 0 |
_aPsicoanálisis criminal / _cLuis Jiménez de Asúa. |
| 250 | _a4a ed. | ||
| 260 |
_aBuenos Aires : _bLosada, _c1947. |
||
| 300 |
_a347 p. ; _c21 cm. |
||
| 650 | 4 |
_aPsicopatología _9672 |
|
| 650 | 4 |
_aPsicoanálisis. _91958 |
|
| 910 | _aCatalogación derivada | ||
| 049 | _aBNGR | ||
| 999 |
_c12652 _d12652 |
||